000 00700nam a2200229 a 4500
001 BRCA_6195
005 20190320205351.0
008 120711s1928----gw-ac#####---#000-0#ger-#
041 _ager
044 _agw
050 4 _aDC203
_b.F38 1928
245 1 0 _aNapoleón
_cElie Faure ; aus dem französischen ubertragen von Otto und Erna Grautoff.
260 _aDresden
_bP. Aretz
_c1928
300 _a276 p.
_bil., (algunas a color), retratos
_c22 cm.
500 _aI55
650 1 4 _aNapoleón I, Emperador de Francia
_y1769-1821
_915585
700 1 _aFaure, Elie
_913357
700 1 _aGrautoff, Otto
_eTraductor
_915586
700 1 _aGrautoff, Erna
_eTraductor
_915587
902 _aGFM
942 _2lcc
_cB
999 _c5882
_d5882